000 00561nam a2200181 i 4500
001 41454
003 ES-MaACL
005 20240417164246.0
007 t|
008 030310s1953 sp ||||1| spa d
100 1 _aCasalduero, Joaquín,
_d1903-1990
_936063
245 1 0 _aCántico de Jorge Guillén /
_cJoaquín Casalduero.
260 _aMadrid :
_bVictoriano Suárez,
_c1953 (
_fRehyma)
300 _a356 p., 1 lám. retr. aut. ;
_c17 cm.
600 1 7 _aGuillén, Jorge,
_d1893-1984
_2
_960765
852 _aES-MaACL
_jC-7977
_bR.35816
999 _c41454
_d41454